The UK building education recruitment crisis: a call for action (Record no. 73859)
[ view plain ]
| 000 -LEADER | |
|---|---|
| fixed length control field | 01281cam a2200217 4500 |
| 001 - CONTROL NUMBER | |
| control field | ABS67248 |
| 008 - FIXED-LENGTH DATA ELEMENTS--GENERAL INFORMATION | |
| fixed length control field | 031126n2003 000 0 eng u |
| 035 ## - SYSTEM CONTROL NUMBER | |
| System control number | (Sirsi) u124472 |
| 100 ## - MAIN ENTRY--PERSONAL NAME | |
| Personal name | Dainty, A. |
| 245 #4 - TITLE STATEMENT | |
| Title | The UK building education recruitment crisis: a call for action |
| 260 ## - PUBLICATION, DISTRIBUTION, ETC. | |
| Date of publication, distribution, etc. | 2003 |
| 490 ## - SERIES STATEMENT | |
| Series statement | Construction Management and Economics |
| Volume/sequential designation | 21(7) October 2003, 767-775(9) |
| 520 ## - SUMMARY, ETC. | |
| Summary, etc. | This paper presents an analysis of application and admissions data to UK higher education courses over a six-year period. The results reveal a significant decline in the number of graduates applying for and accepting places on building degree courses during the analysis period despite increased micro-economic activity. The number of women graduates has remained fairly constant over this period. Concludes that industry practitioners, professional bodies and universities should embark upon a collaborative, immediate and sustained promotional campaign if they are to avoid severe recruitment difficulties in the future. Graphs, tables and references. [Adapted from journal abstract]. |
| 590 ## - LOCAL NOTE (RLIN) | |
| Local note | ABS |
| 650 ## - SUBJECT ADDED ENTRY--TOPICAL TERM | |
| Topical term or geographic name entry element | QUALIFICATIONS |
| 650 ## - SUBJECT ADDED ENTRY--TOPICAL TERM | |
| Topical term or geographic name entry element | WOMEN IN SURVEYING |
| 650 ## - SUBJECT ADDED ENTRY--TOPICAL TERM | |
| Topical term or geographic name entry element | RECRUITMENT ISSUES |
| 690 ## - LOCAL SUBJECT ADDED ENTRY--TOPICAL TERM (OCLC, RLIN) | |
| Topical term or geographic name as entry element | EDUCATION-CAREERS |
| 700 ## - ADDED ENTRY--PERSONAL NAME | |
| Personal name | Edwards, D. |
| 942 ## - ADDED ENTRY ELEMENTS (KOHA) | |
| Suppress in OPAC | 0 |
| Withdrawn status | Lost status | Source of classification or shelving scheme | Damaged status | Not for loan | Home library | Current library | Shelving location | Date acquired | Total Checkouts | Full call number | Barcode | Date last seen | Copy number | Price effective from | Koha item type |
|---|---|---|---|---|---|---|---|---|---|---|---|---|---|---|---|
| Dewey Decimal Classification | London | London | Journal article | 26/11/2003 | ABS67248 | 124472-1001 | 06/08/2019 | 1 | 06/08/2019 | Journal article |